000 01355nam0a2200337 i 4500
001 RU\NLR\BIBL_A\010801561
005 20260409071550.0
010 _a9785906791023
_94000
021 _aRU
_b2015-44894
_92665
035 _a(NILC)RuMoRGB-007956014
035 _a(NLR Aleph) 010801561
090 _a10163029
_c10163029
100 _a20150714d2015 km y0rusy50 ca
101 1 _arus
_ceng
102 _aRU
105 _aa|||z|||000yy
200 1 _aОсновы Рэйки
_dEssential Reiki
_eполное руководство по древнему искусству исцеления
_fДайяна Стайн
_g[пер. с англ. Д. Ивахненко, С. Грабовецкого]
_zeng
210 _aМосква
_cСофия
_d2015
215 _a351 с.
_cил.
_d20
300 _aАвт. также на англ. яз.: Diane Stein
510 1 _6z20790
_aEssential Reiki
_zeng
606 _aРэйки
_jРуководства, пособия и т.п
_3RU\NLR\AUTH\66725432
_91640486
610 0 _aрэйки в терапии
686 1 _aР358.9я7
700 1 _8rus
_7ca
_aСтайн
_bД.
_f1948-
_gДайяна
_3RU\NLR\AUTH\7798395
_981321
790 1 _8eng
_7ba
_aStein
_bD.
_f1948-
_gDiane
_3RU\NLR\AUTH\77118403
_9101328
801 0 _aRU
_bРГБ
_c20150617
_gRCR
942 _cBOOK
980 _aNBR